00813 a2200241 4500999001700000003000500017005001700022008004100039020001500080020001800095082000800113100002900121245006800150250001200218260003900230300002100269490005400290700002900344700002300373830006000396942002600456952008900482 c30253d30253NUST20180118115034.0180118b xxu||||| |||| 00| 0 eng d a0780347013 a9780780347014 a537 aWerner, Douglas H.9864110aFrontiers in electromagnetics /cDouglas H. Werner, Raj Mittra. a1st ed. a[S.l.] :bWiley-IEEE Press,c2000. a814 p. ;c26 cm.1 aIeee press series on rf and microwave technology.1 aWerner, Douglas H.986411 aMittra, Raj.98642 0aIeee press series on rf and microwave technology.98643 aSNScBKk537 WER2ddc 00104070aSNSbSNSd2016-05-26l0o537 WERpSNS0001793r2016-05-26w2016-05-26yBK